Statistics for Video Games Trivia - All Super Smash Bros Items

Click here to take the quiz!

General Stats

  • This quiz has been taken 75 times
  • The average score is 18 of 64

Answer Stats

Super Smash Bros. % Correct
Poke Ball
79%
Smash Ball
70%
Assist Trophy
68%
Beam Sword
63%
Home-Run Bat
63%
Starman
53%
Bob-omb
53%
Super Mushroom
51%
Fan
51%
Crate
51%
Rolling Crate
51%
Food
47%
Fire Flower
46%
Ray Gun
46%
Hammer
46%
Bomb
42%
Super Scope
40%
Poison Mushroom
40%
Mr. Saturn
40%
Barrel
40%
Bumper
37%
Motion Sensor Bomb
35%
Maxim Tomato
35%
Green Shell
33%
Heart Container
32%
Banana Peel
30%
Red Shell
28%
Golden Hammer
28%
Lip's Stick
28%
Metal Box
26%
Party Ball
26%
Superspicy Curry
25%
Franklin Badge
23%
Warp Star
23%
Capsule
23%
Blast Box
21%
Star Rod
21%
Cloaking Device
19%
Sandbag
19%
Screw Attack
18%
Flipper
18%
Pitfall
16%
Dragoon
16%
Bunny Hood
16%
Parasol
12%
Spring
12%
Smart Bomb
12%
Gooey Bomb
11%
Egg
11%
Hothead
11%
Cracker Launcher
11%
Soccer Ball
9%
Unira
7%
Freezie
7%
Timer
5%
Lightning Bolts
5%
CD
4%
Barrel Cannon
4%
Peanut
2%
Hammer Head (w/o handle)
2%
Hand Grenade
0%
Team Healer
0%
Damaged Power Suit Piece
0%
Wario Bike
0%

Score Distribution

Percentile by Number Answered

Percent of People with Each Score

Your Score History

You have not taken this quiz